| 000 | 01349cam a22003497a 4500 | ||
|---|---|---|---|
| 003 | CHAP | ||
| 005 | 20220329141322.0 | ||
| 008 | 971013s1986 it r 00010 eng d | ||
| 010 | _a66330 | ||
| 011 | _a67302 | ||
| 035 | _a76772 | ||
| 040 | _cCHAP | ||
| 082 | 1 | 0 |
_a639.2 _bF46 v.370 |
| 110 | 2 |
_aFAO. Indo-Pacific Fishery Commission _939582 |
|
| 245 | 1 | 0 | _aReport of the session of the Indo-Pacific Fishery Commission Working Panty of experts on inland fisheries and report of the workshop on strategies for the management of fisheries and Aquaculture in Mangrove ecosystems (3o) |
| 260 |
_aRome : _bFAO, _c1986 |
||
| 300 | _a42 p. | ||
| 490 | 0 |
_aFAO. Informe de pesca _v; 370 |
|
| 500 | _aSuppl. -- Rome : FAO, 1987. -- 248 p. ; gráfs. | ||
| 590 |
_aBATCH-UPD _b10 _c20130110 _lUCH01 _h1043 |
||
| 590 |
_aBATCH-UPD _b10 _c20130410 _lUCH01 _h0642 |
||
| 590 |
_aBATCH-UPD _b10 _c20130914 _lUCH01 _h1348 |
||
| 590 |
_aCONVERSION _b10 _c20130109 _lUCH01 _h1337 |
||
| 650 | 1 | 4 |
_aAcuicultura. _9758 |
| 650 | 1 | 4 |
_aPesca _xOcéano Indico. _987406 |
| 830 | 0 |
_aFAO. Informe de pesca _v; 370 _939587 |
|
| 901 | _aBK | ||
| 905 | _aPatricia Mendoza P. | ||
| 942 | _cLIBRO | ||
| 949 |
_a639.2 F46 v.370 supl. _bBC _cFAO _d33724000769600 _eFAO1 _gDonaciØn _h73885 _i76772 _sb |
||
| 949 |
_a639.2 F46 v.370 _bBC _cFAO _d33724000769618 _eFAO1 _gDonaciØn _h77005 _i76772 _sb |
||
| 999 |
_c66330 _d66330 |
||